Statistics for Countries with the Word "And": Time Rush!

Click here to take the quiz!

General Stats

  • This quiz has been taken 8 times
  • The average score is 7 of 12

Answer Stats

PartHintAnswer% Correct
HerzegovinaandBosnia
100%
BarbudaandAntigua
71%
BosniaandHerzegovina
71%
The GrenadinesandSaint Vincent
71%
TobagoaandTrinidad
71%
AntiguaandBarbuda
57%
Saint KittsandNevis
57%
NevisandSaint Kitts
57%
TrinidadandTobago
57%
Saint Vincentandthe Grenadines
43%
Sao TomeandPrincipe
29%
PrincipeandSão Tomé
29%

Score Distribution

Percentile by Number Answered

Percent of People with Each Score

Your Score History

You have not taken this quiz